000 00552nam a2200181Ia 4500
008 151018s9999 xx 000 0 und d
082 _bRBASDV24250
_a891.463
100 _aअशोक व्हटकर
245 _aअजिंक्य आंबी
250 _b1
260 _bउद्यदीप
_c1984
300 _a176
600 _aअशोक व्हटकर
630 _aअजिंक्य आंबी
700 _aअशोक व्हटकर
730 _aअजिंक्य आंबी
942 _cBOOK
999 _c1023896
_d1023893